00356nam a2200109Ia 4500008004100000245011000041260004900151260000900200300001000209500001100219650001600230170224s9999 xx 000 0 und d aInterdependent self-construals mitigate the fear of death and augment the willingness to become a martyr. bJournal of Personality and Social Psychology c2014 a107:2 aAugust xPsychology.